000 02007nam a2200409 c 4500
003 BLK
005 20230512091153.0
008 180411b bul|||||r ||||||| ||bul||
010 _aKNG00198415000
020 _a978-954-660-241-1
_bиздат.: ПАН
040 _aBLK
041 _aBUL
_cBUL
072 7 _2bullib
_aН85
_xДетска художествена литература Н
080 _aБългарска литература
_b821.163.2
_x-93-1
_z821.163.2-93-1
080 _aБългарска литература
_b821.163.2
_x-93-193.1
_z821.163.2-93-193.1
100 1 _aАлександрова, Петя
_gИванова, Петя Александрова
_9368035
700 1 _aИванова, Петя Александрова
_e*
_9336394
700 1 _aРизов, Красимир
_eил.
_9376339
139 _aЕлхица-хубавица
_bЕ 55
245 1 0 _aЕлхица-хубавица
_bСтихотворения и гатанки за Коледа
_cПетя Александрова; * Петя Александрова Иванова; ил. Красимир Ризов.
257 _aBGR
260 София
_bПАН
_c2016
300 _a16 с.
_bс цв. ил.
_c24 см
380 _aDX
490 1 _aСтихотворения и гатанки за Коледа
500 _aКор. опис. - Други авт. : Кр. Машев, Д. Габе, Ст. Дринов, Л. Русанов, Мл. Исаев, А. Жекова, Д. Спасов, Ц. Лалев, Й. Стубел, Л. Станчев, Л. Милева, Й. Друмников.
653 _aстихотворения за деца
653 _aгатанки
653 _aлитература за деца
653 _aдетска литература
659 _aН
852 _aЦб 283638
856 4 _qpdf
_u
856 4 _qpdf
_u
942 _cKNG
_n0
_09
944 _aCR
_c16.12.2016
_lф /
_kВиолета_Тройчева
944 _aED
_c20.12.2016
_lф /
_kЛюдмила_Стоянова
999 _c189377
_d189377